Italian manpower, 225 B.C-A.D. 14

Gardado en:
Detalles Bibliográficos
Autor Principal: Brunt, P. A (Author)
Formato: Libro
Idioma:inglés
Publicado: Oxford Oxford University Press 1987
Subjects:
Tags: Engadir etiqueta
Sen Etiquetas, Sexa o primeiro en etiquetar este rexistro!

MARC

LEADER 00000nam a2200000 a 4500
001 UCZ0334
003 CL-VaPUC
008 950728e19870000UK |||||||||||||||||eng|d
082 0 4 |a 937  |b BRU  |2 21 
100 0 |a Brunt, P. A  |e author  |9 343093 
245 1 0 |a Italian manpower, 225 B.C-A.D. 14 
300 |a 762 p 
942 |c BK 
945 |d 19950728 00:00:00  |a rbrito 
260 |a Oxford  |b Oxford University Press  |c 1987 
650 0 |a Población  |9 257577 
650 0 |a Historia  |9 255047 
650 0 |a Militares   |9 336881 
650 0 |a Armas   |9 318202 
650 0 |a Emigración  |9 343094 
650 0 |a Censo  |9 336842 
650 0 |a Ciudades  |9 265474 
651 0 |a Italia  |9 254949 
651 0 |a Roma   |9 255106 
583 |a last modification  |c 19950728 00:00:00  |k Rodrigo Vera 
999 |c 237279  |d 237277 
952 |0 0  |1 0  |4 0  |6 937_000000000000000_BRU_1987  |7 0  |8 A  |9 246186  |a BIBHIS  |b BIBHIS  |d 2019-11-18  |i 3109003  |o 937 BRU 1987  |p 3109003  |r 2025-01-20  |w 2019-11-18  |y BK  |k HIS